| 000 | 01367cad a22002655a 4500 | ||
|---|---|---|---|
| 001 | L139790 | ||
| 008 | 070808s2007 xxk f 000 0 eng d | ||
| 035 | _a(Sirsi) u139790 | ||
| 041 | 0 | _aeng | |
| 050 | 0 | 4 | _a692.2 $2 18 |
| 110 | 2 |
_aBuilding Control Alliance _95309 |
|
| 245 | 0 | 2 |
_aA building control system for the 21st century _bfull report _h[electronic resource] |
| 260 |
_aLondon _bBC Alliance _c2007 |
||
| 520 | _aIn response to government's discussion paper "The future of building control" (L137794), this report outlines key recommendations on what government should do to improve the building control system. The report focuses on the issues identified in "The future of building control", with strong views on self certification, prior approval and the building notice system. | ||
| 590 | _aKA | ||
| 650 | 2 | 4 | _aBUILDING REGULATIONS 2000 |
| 651 | 4 |
_aEngland and Wales _y1543- |
|
| 690 | _aBUILT ENVIRONMENT-BUILDING STANDARDS | ||
| 710 | 2 |
_aRoyal Institution of Chartered Surveyors _bBuilding Control Faculty _95310 |
|
| 710 | 2 |
_aAssociation of Building Engineers _91804 |
|
| 710 | 2 |
_aAssociation of Consultant Approved Inspectors _95311 |
|
| 710 | 2 |
_aLocal Authority Building Control _93913 |
|
| 856 | 4 | 0 |
_uhttps://www.rics.org/Global/Downloads/BuildingControlSystem2stCentury07.pdf _zView the report free of charge at www.rics.org... |
| 942 | _n0 | ||
| 999 |
_c107349 _d107349 |
||